Click Timeline : FIFA World Cup Winners - Statistics

General Stats
  • This quiz has been taken 126 times
  • The average score is 15 of 22
Answers on the Map
Answers color-coded by a green-red scale on the quiz's map according to % correct below.
 
Answer Stats
Answer % Correct
Argentina (3rd victory)
86%
Uruguay (1st victory)
85%
France (2nd victory)
82%
Spain (1st victory)
79%
Germany (4th victory)
78%
Italy (4th victory)
76%
Brazil (5th victory)
74%
France (1st victory)
74%
England (1st victory)
69%
Argentina (2nd victory)
65%
Uruguay (2nd victory)
65%
Brazil (4th victory)
64%
Brazil (1st victory)
61%
Brazil (2nd victory)
61%
Italy (1st victory)
61%
Argentina (1st victory)
60%
Brazil (3rd victory)
57%
Italy (2nd victory)
54%
Germany (West)
(3rd victory)
53%
Germany (West)
(1st victory)
50%
Germany (West)
(2nd victory)
50%
Italy (3rd victory)
50%
No matching quizzes found
Score Distribution
Percent of People with Each Score
Percentile by Number Answered
Your Score History
You have not taken this quiz